| 000 | 00510nam a2200181 a 4500 | ||
|---|---|---|---|
| 001 | 0601 | ||
| 005 | 20140414131909.0 | ||
| 008 | 040201s19uu xx 00 eng d | ||
| 020 | _a0-307-03060-1 | ||
| 050 |
_aER _bB38 1988 |
||
| 100 | _aGoodman, Joan Elizabeth | ||
| 245 |
_aBears' new baby (The) / _cStory and pictures by Joan Elizabeth Goodman. |
||
| 260 |
_aNew York : _bA Golden Book, _c1988. |
||
| 300 | _ap. ; cm. | ||
| 650 |
_aBabies _xfiction. |
||
| 650 | _aChildren stories. | ||
| 999 |
_c111100 _d111100 |
||